Standing up to colonial power : the lives of Henry Roe and Elizabeth Bender Cloud /

Bibliographic Details
Main Author: Ramirez, Renya K., 1959- (Author)
Format: Book
Language:English
Published: Lincoln : Philadelphia : University of Nebraska Press ; American Philosophical Society, [2018]
Series:New visions in Native American and indigenous studies.
Subjects:

MARC

Tag First Indicator Second Indicator Subfields
LEADER 00000cam a2200000 i 4500
001 in00004004821
005 20190422105518.0
008 180612t20182018nbua b 001 0ceng c
010 |a  2018028389 
020 |a 9781496211729  |q hardcover  |q alkaline paper 
020 |a 1496211723  |q hardcover  |q alkaline paper 
020 |z 9781496212689  |q electronic book 
020 |z 1496212681  |q electronic book 
020 |z 9781496212696  |q kindle edition 
020 |z 149621269X  |q kindle edition 
020 |z 9781496212702  |q electronic book 
020 |z 1496212703  |q electronic book 
035 |a (OCoLC)on1042080194 
040 |a DLC  |e rda  |c DLC  |d UtOrBLW 
043 |a n-us--- 
049 |a TXAM 
050 0 0 |a E89  |b .R34 2018 
082 0 0 |a 371.829/97526073  |2 23 
100 1 |a Ramirez, Renya K.,  |d 1959-  |e author.  |0 http://id.loc.gov/authorities/names/n2007003444 
245 1 0 |a Standing up to colonial power :  |b the lives of Henry Roe and Elizabeth Bender Cloud /  |c Renya K. Ramirez. 
264 1 |a Lincoln :  |b University of Nebraska Press ;  |a Philadelphia :  |b American Philosophical Society,  |c [2018] 
264 4 |c ©2018 
300 |a xiv, 288 pages :  |b illustrations ;  |c 24 cm. 
336 |a text  |b txt  |2 rdacontent 
337 |a unmediated  |b n  |2 rdamedia 
338 |a volume  |b nc  |2 rdacarrier 
490 1 |a New visions in Native American and indigenous studies 
504 |a Includes bibliographical references and index. 
505 0 |a Henry Cloud's childhood and young adulthood -- Society of American Indians and the American Indian Institute -- Henry Cloud's role in the Meriam Report, the Indian Reorganization Act, and the Haskell Institute -- The work of Henry and Elizabeth Cloud at Umatilla -- Elizabeth Bender Cloud's intellectual work and activism. 
600 1 0 |a Cloud, Henry Roe,  |d 1885-1950.  |0 http://id.loc.gov/authorities/names/no92009771 
600 1 0 |a Cloud, Elizabeth Bender,  |d 1887-1965.  |0 http://id.loc.gov/authorities/names/no2018080109 
650 0 |a Indian activists  |z United States  |v Biography. 
830 0 |a New visions in Native American and indigenous studies.  |0 http://id.loc.gov/authorities/names/no2017117648 
945 |b 908283 
947 |a A14850736548 
948 |a cataloged  |b h  |c 2019/2/26  |d c  |e dmitchel  |f 2:00:00 pm 
994 |a 92  |b TXA 
999 f f |s 9dfa9b32-4a2c-3067-922c-d048935c2aff  |i 426c8874-f99b-3ba4-952e-b25d7d4db657  |t 0 
952 f f |p normal  |a Texas A&M University  |b College Station  |c Sterling C. Evans Library  |d Evans: Library Stacks  |t 0  |e E89 .R34 2018  |h Library of Congress classification  |i unmediated -- volume  |m A14850736548 
998 f f |a E89 .R34 2018  |t 0  |l Evans: Library Stacks